America seen /

Uloženo v:
Podrobná bibliografie
Hlavní autor: Stock, Dennis (Autor)
Médium: Kniha
Jazyk:italština
Vydáno: Modena : Punto e Virgola, [c1980]
Edice:Biblioteca di fotografia
Témata:
Tagy: Přidat tag
Žádné tagy, Buďte první, kdo vytvoří štítek k tomuto záznamu!

MARC

LEADER 00000nam a22000007i 4500
001 IT\ICCU\MOD\0201928
003 ItRI
005 20260115232243.0
008 010330s1980 it |||||| ||||| |||||c
040 |b ita  |c importazione bologna sebina 
041 7 |a ita  |2 ISO-639-2 
100 1 |a Stock, Dennis  |0 IT\ICCU\TO0V\333421  |4 aut 
245 1 0 |a America seen /  |c Dennis Stock. 
260 |a Modena :  |b Punto e Virgola,  |c [c1980] 
300 |a 72 p. :  |b in gran parte ill. ;  |c 27 cm 
650 7 |a Fotografia artistica 
830 0 |a Biblioteca di fotografia  |0 IT\ICCU\SBL\0169774 
942 |2 ddc  |c BK  |n 0 
952 |0 0  |1 0  |4 0  |6 DOC_779_092000000000000_STO  |7 0  |9 23018  |a BO  |b BO  |d 2026-01-15  |i 16273  |l 0  |o DOC 779.092 STO  |p BO16273  |r 2026-01-15 23:22:43  |w 2026-01-15  |x [Sebina 5] [1 v.]  |y BK  |z 1 v. 
999 |c 19632  |d 19632